000 01119pam a2200277 a 4500
999 _c234344
_d234344
001 692894
003 Nust
005 20170319161939.0
008 961106s1997 nyu 000 1 eng
010 _a 96049078
020 _a9780749939106
040 _aDLC
_cDLC
_dDLC
_dOCoLC
_dDLC
050 0 0 _aPS3561.R44
_bA69 1997
082 0 0 _a813.54
_bQUI
100 1 _aQuick, Amanda.
245 1 0 _aAffair /
_cAmanda Quick.
260 _aNew York :
_bBantam Books,
_c1997.
300 _a388 p. ;
_c25 cm.
655 7 _aHistorical fiction.
_2gsafd
856 4 2 _3Contributor biographical information
_uhttp://www.loc.gov/catdir/bios/random057/96049078.html
856 4 1 _3Sample text
_uhttp://www.loc.gov/catdir/samples/random043/96049078.html
856 4 2 _3Publisher description
_uhttp://www.loc.gov/catdir/description/random048/96049078.html
906 _a7
_bcbc
_corignew
_d1
_eocip
_f19
_gy-gencatlg
942 _2ddc
_cBK